000
00302nam a22001097a 4500
008
170120b xxu||||| |||| 00| 0 eng d
020
_a
9780721606149
041
_a
eng
080
_2
5th
_a
618.2
245
_a
CRITICAL THINKING STUDY GUIDE/ MEDICAL-SURGICAL NURSING
_c
IGNATAICIUS & WORKMAN
942
_2
udc
_c
BK
999
_c
3236
_d
3236